Regionalism and Multilateralism After the Uruguay Round : (Record no. 612949)

MARC details
000 -LEADER
fixed length control field 00578nam a2200193 a 4500
008 - FIXED-LENGTH DATA ELEMENTS--GENERAL INFORMATION
fixed length control field 260217s1997##################000#0#eng##
020 ## - INTERNATIONAL STANDARD BOOK NUMBER
ISBN 9789052017068
082 04 - DEWEY DECIMAL CLASSIFICATION NUMBER
Classification number 337
Item number DEM
100 1# - MAIN ENTRY--AUTHOR NAME
Personal name Demaret, Paul,
245 10 - TITLE STATEMENT
Title Regionalism and Multilateralism After the Uruguay Round :
260 ## - PUBLICATION, DISTRIBUTION, ETC. (IMPRINT)
Name of publisher P.I.E-Peter Lang S.A., Editions Scientifiques Internationales,
Year of publication 1997.
300 ## - PHYSICAL DESCRIPTION
Number of Pages 878 pages
650 #0 - SUBJECT ADDED ENTRY--TOPICAL TERM
Topical Term Business & Economics.
942 ## - ADDED ENTRY ELEMENTS (KOHA)
Koha item type English Books
Holdings
Withdrawn status Lost status Damaged status Not for loan Home library Current library Shelving location Date acquired Full call number Accession Number Price effective from Koha item type
        Anna Centenary Library Anna Centenary Library 4TH FLOOR, A WING 17.02.2026 337 DEM 219008 17.02.2026 English Books

Find us on the map